Регионална библиотека "Любен Каравелов" - Русе

Фройд (Запис номер 147547)

MARC детайли
000 -Лидер
Контролно поле с фиксирана дължина 02029nam a2200445 c 4500
003 - Код на организацията, давaща контролен номер
Контролно поле BLK
005 - Дата и час на последна редакция
Контролно поле 20180422112803.0
008 - Елементи от данни с фиксирана дължина
fixed length control field 180410b bul|||||r ||||||| ||bul||
010 ## - Наследен системен номер
LC control number KNG00153760000
020 ## - Международен стандартен номер на книга ISBN
Международен стандартен номер на книга ISBN 978-954-09-0678-2
-- издат.: Захарий Стоянов
040 ## - Източник на каталожния запис
Идентификатор на билиотеката - собственик на записа BLK
041 ## - Код за език
Код за езика на текст/звукозапис или на отделно заглавие Български
Код за езика КДБФ Български
072 #7 - Код за тематичната категория
Код организация bullib
Код за тематична категория Н15
Текст Психология Н
080 ## - УДК
Текстов определител УДК Психоанализа
УДК код - определител по УДК 159.964.2
УДК определител (436)(092)
УДК - код + определител 159.964.2(436)(092)
080 ## - УДК
Текстов определител УДК Ортодоксална психоанализа. Учение на Фройд. Активна психоанализа (по Щекел), нео-психоанализа
УДК код - определител по УДК 615.851.134
УДК определител (436)(092)
УДК - код + определител 615.851.134(436)(092)
080 ## - УДК
Текстов определител УДК Австрийски психолог и психиатър
УДК код - определител по УДК 929 Фройд, Зигмунд
УДК определител
УДК - код + определител 929 Фройд, Зигмунд
100 1# - Редна дума - Автор
Автор Стор, Антъни
Авторска отговорност първи автор
R(LIN) 329677
139 ## - Редно поле
Редна дума Стор, Антъни
Авторски знак Фро - Ф 85
245 10 - Сведения за заглавието
Заглавие Фройд
Подзаглавни данни Много кратко въведение
Редно поле (дума) Антъни Стор; прев. от англ. Доротея Валентинова.
257 ## - Страна на издаване
Страна на създаване/издаване Съединени американски щати
260 ## - Област на издателските данни
-- София
Име на издателя, разпространителя и проч. Захарий Стоянов
Година на издаване 2009
Печатница Костинброд : Мултипринт
300 ## - Физическа характеристика
Страници 304 с.
Илюстрации и др. с портр., ил., факс.
Размери/Мащаб 17 см
380 ## - Жанр
Жанр Философия
490 1# - СЕРИИ (Колекции)
Име на серия Малка оксфордска библиотека
500 ## - Общи забележки
Забележка Ориг. загл. Freud / Anthony Storr. - Библиогр. с. 299-303
600 14 - Име на лице, използвано като предмет
За него / За нея Фройд, Зигмунд
9 (RLIN) 244303
650 #4 - Допълнително описание по предмет – тема
Основно описание – тема или топоним Психоанализа
9 (RLIN) 168303
650 #4 - Допълнително описание по предмет – тема
Основно описание – тема или топоним Фройдизъм
9 (RLIN) 176215
650 #4 - Допълнително описание по предмет – тема
Основно описание – тема или топоним Фройд, Зигмунд
9 (RLIN) 244303
653 ## - Ключова дума – ненормативна
Ключова дума психоанализа
653 ## - Ключова дума – ненормативна
Ключова дума психоаналитици
653 ## - Ключова дума – ненормативна
Ключова дума Зигмунд Фройд
659 ## - Тематичен бюлетин
Тематичен бюлетин Н
700 1# - Други автори (авторска отговорност)
Лично име Валентинова, Доротея
Автороска отговорност (Описва отношението между автора и произведението) прев. от англ.
9 (RLIN) 370349
852 ## - Местоположение
Форматна сигнатура Цб І 36277
856 4# - Електронен адрес и достъп
Електронен формат pdf - файл
Път до файла /url/
856 4# - Електронен адрес и достъп
Електронен формат pdf - файл
Път до файла /url/
942 ## - АРТИКУЛИ
Вид на библиотечния материал Книги
Скрит в OPAC Не
944 ## - СЪЗДАВАНЕ И РЕДАКЦИЯ на ЗАПИСА
Създаване/Редакция Създаване
Дата на регистрацията/редакция 25.11.2013
Служител, извършил регистрацията/редакцията Геновева_Генчева
944 ## - СЪЗДАВАНЕ И РЕДАКЦИЯ на ЗАПИСА
Създаване/Редакция Редакция
Дата на регистрацията/редакция 27.08.2014
Служител, извършил регистрацията/редакцията
999 ## - СИСТЕМНИ КОНТРОЛНИ НОМЕРА
Koha biblionumber 147547
Koha biblioitemnumber 147547
Наличности
Код за отписване Код за изгубен артикул Код за повреда Коз за рестрикции Код за отдаване Артикулен № Име на библиотеката - собственик Име на библиотеката, в която се намира в момента Статус (Текущо местоположение) Дата на вписване в системата Местоположение - отдел Цена в лева Инвентарен номер Систематично азбучна сигнатура Баркод Номер на екземпляра Цена в евро Служебна бележка Служебен тип на артикула
  Не е изгубен Не е повреден без рестрикции ползва се в читалня 245291 Регионална библиотека "Любен Каравелов" Русе Регионална библиотека "Любен Каравелов" Русе Хранилище 2013-11-22 Хранилище 8.00 120000772069 Цб І 36277 120000772069 1 4.09 Дост: Dp Вид: Д N: 47 Дата: 22.11.2012 Книги
Vip Innovations Ltd, Rousse, Bulgaria 2025